Francisco Moragas, maestro y apóstol de la previsión social. (Record no. 171479)

MARC details
000 -LEADER
campo de control de longitud fija 00532nam a22001695i 4500
001 - NÚMERO DE CONTROL
campo de control 171479
003 - IDENTIFICADOR DE NÚMERO DE CONTROL
campo de control ES-MaACL
005 - FECHA Y HORA DE LA ÚLTIMA TRANSACCIÓN
campo de control 20230906214638.0
008 - DATOS DE LONGITUD FIJA--INFORMACIÓN GENERAL
campo de control de longitud fija 090518s1952 sp |||| | spa d
100 1# - ENTRADA PRINCIPAL--NOMBRE DE PERSONA
Nombre de persona Solá Escofet, Luis.
9 (RLIN) 140196
245 10 - MENCIÓN DEL TÍTULO
Título Francisco Moragas, maestro y apóstol de la previsión social.
250 ## - MENCION DE EDICION
Mención de edición 3ª ed.
260 ## - PUBLICACIÓN, DISTRIBUCIÓN, ETC.
Lugar de publicación, distribución, etc. Barcelona :
Nombre del editor, distribuidor, etc. [s.n.],
Fecha de publicación, distribución, etc. 1952 (
Fabricante Imp. La Polígrafa)
300 ## - DESCRIPCIÓN FÍSICA
Extensión 62 p., 1 lám. ;
Dimensiones 22 cm.
500 ## - NOTA GENERAL
Nota general Retrato de D. Francisco Moragas.
852 ## - LOCALIZACIÓN
Ubicación ES-MaACL
Número de control de estantería 1982-F-17
itemnumber R.34482
Holdings
Estatus retirado Estado de pérdida Estado de daño No para préstamo Colección Biblioteca de origen Biblioteca actual Ubicación en estantería Fecha de adquisición Fuente de adquisición Total de préstamos Signatura topográfica completa Código de barras Visto por última vez Precio de reemplazo Tipo de ítem Koha
        Colección de folletos Biblioteca del Ateneo de Madrid Biblioteca del Ateneo de Madrid Depósito folletos 18/05/2009     1982-F-17 1179954 23/02/2023 23/02/2023 Folleto